[Event "HUN-chT2 Szechenyi 0304"]
[Site "Hungary"]
[Date "2004.02.08"]
[Round "7"]
[White "Vegh, Istvan"]
[Black "Kohlrusz, Zoltan"]
[Result "1/2-1/2"]
[WhiteElo "1949"]
[BlackElo "2062"]
[PlyCount "98"]
[EventDate "2003.09.28"]
[EventType "team-tourn"]
[EventRounds "11"]
[EventCountry "HUN"]
[SourceTitle "EXT 2009"]
[Source "ChessBase"]
[SourceDate "2008.11.26"]
[SourceVersion "1"]
[SourceVersionDate "2008.11.26"]
[SourceQuality "1"]
[WhiteTeam "Szentgotthard"]
[BlackTeam "Veszprem"]
[WhiteTeamCountry "HUN"]
[BlackTeamCountry "HUN"]

1. d4 d5 2. Bf4 Nf6 3. Nf3 e6 4. e3 c5 5. c3 Nc6 6. Nbd2 Bd6 7. Bg5 0-0 8. Bd3 e5 9. dxe5 Nxe5 10. Nxe5 Bxe5 11. Nf3 Bc7 12. Qc2 h6 13. Bh4 Bg4 14. Bf5 Bxf3 15. gxf3 Qe7 16. 0-0-0 Rfd8 17. f4 Rd6 18. Rhg1 Kh8 19. Rg3 Rg8 20. Bh7 Rgd8 21. Rdg1 g6 22. Bxg6 fxg6 23. Rxg6 Qf8 24. Qf5 Nd7 25. Qh5 Re8 26. Rxd6 Bxd6 27. Rg6 Bxf4 28. exf4 Qxf4+ 29. Kd1 Kh7 30. Bg5 Re1+ 31. Kxe1 Qe4+ 32. Be3 Qxg6 33. Qxd5 Qg1+ 34. Ke2 Qg4+ 35. Kd2 b6 36. Qf7+ Kh8 37. Bxh6 Ne5 38. Qf6+ Kh7 39. Qxe5 Kxh6 40. Qe3+ Kh7 41. Qe7+ Kg6 42. Qxa7 Qf4+ 43. Kc2 Qxf2+ 44. Kb3 c4+ 45. Ka3 Qc5+ 46. b4 Qe3 47. Kb2 Qd2+ 48. Kb1 Qd3+ 49. Kb2 Qd2+ 1/2-1/2

[Event "HUN-chT2 Szechenyi 0304"]
[Site "Hungary"]
[Date "2004.01.25"]
[Round "6"]
[White "Kohlrusz, Zoltan"]
[Black "Horvath, Gabor2"]
[Result "0-1"]
[WhiteElo "2062"]
[BlackElo "2113"]
[PlyCount "40"]
[EventDate "2003.09.28"]
[EventType "team-tourn"]
[EventRounds "11"]
[EventCountry "HUN"]
[SourceTitle "EXT 2009"]
[Source "ChessBase"]
[SourceDate "2008.11.26"]
[SourceVersion "1"]
[SourceVersionDate "2008.11.26"]
[SourceQuality "1"]
[WhiteTeam "Veszprem"]
[BlackTeam "Flesch"]
[WhiteTeamCountry "HUN"]
[BlackTeamCountry "HUN"]

1. c4 e6 2. Nc3 d5 3. cxd5 exd5 4. d4 c6 5. Bf4 Nf6 6. e3 Bf5 7. Bd3 Bxd3 8. Qxd3 Bd6 9. Bg3 Qe7 10. Nge2 Nbd7 11. 0-0 0-0 12. a3 a5 13. f3 Rfe8 14. Bxd6 Qxd6 15. e4 dxe4 16. fxe4 Nc5 17. Qc2 Ncxe4 18. Nxe4 Nxe4 19. Rf4 Qg6 20. Raf1 Ng3 0-1

[Event "HUN-chT2 Szechenyi 0203"]
[Site "Hungary"]
[Date "2003.04.13"]
[Round "11"]
[White "Kohlrusz, Zoltan"]
[Black "Szittar, Antal"]
[Result "1/2-1/2"]
[WhiteElo "2072"]
[BlackElo "2110"]
[PlyCount "93"]
[EventDate "2002.09.22"]
[EventType "team-tourn"]
[EventRounds "11"]
[EventCountry "HUN"]
[SourceTitle "EXT 2009"]
[Source "ChessBase"]
[SourceDate "2008.11.26"]
[SourceVersion "1"]
[SourceVersionDate "2008.11.26"]
[SourceQuality "1"]

1. c4 g6 2. Nc3 Bg7 3. g3 Nf6 4. e4 d6 5. Bg2 e5 6. Nge2 Nc6 7. 0-0 0-0 8. d3 Ne8 9. f4 f5 10. Be3 Nf6 11. h3 Be6 12. Qd2 Qd7 13. Kh2 fxe4 14. Nxe4 Nxe4 15. dxe4 Bxc4 16. f5 gxf5 17. exf5 Rxf5 18. Qc2 Be6 19. Rxf5 Bxf5 20. Qb3+ Be6 21. Qxb7 Rb8 22. Qa6 Ne7 23. b3 c5 24. Rd1 Rb6 25. Qa5 Nc6 26. Qd2 Nd4 27. Nc3 d5 28. Rf1 e4 29. Na4 Rc6 30. Nxc5 Rxc5 31. Bxd4 Rc8 32. Qg5 Kh8 33. Bf6 Re8 34. Rc1 Bxf6 35. Qxf6+ Qg7 36. Qf4 Bg8 37. h4 Qe5 38. Qxe5+ Rxe5 39. Kg1 Re7 40. Kf2 Be6 41. Ke3 Kg7 42. Bf1 Kf6 43. Kf4 Rg7 44. Be2 h6 45. g4 Rf7 46. Rc6 Re7 47. b4 1/2-1/2

[Event "HUN-chT2 Szechenyi 0203"]
[Site "Hungary"]
[Date "2002.10.13"]
[Round "2"]
[White "Vincze, Otto"]
[Black "Kohlrusz, Zoltan"]
[Result "1/2-1/2"]
[WhiteElo "2060"]
[BlackElo "2072"]
[PlyCount "31"]
[EventDate "2002.09.22"]
[EventType "team-tourn"]
[EventRounds "11"]
[EventCountry "HUN"]
[SourceTitle "EXT 2009"]
[Source "ChessBase"]
[SourceDate "2008.11.26"]
[SourceVersion "1"]
[SourceVersionDate "2008.11.26"]
[SourceQuality "1"]

1. e4 c5 2. c3 d5 3. exd5 Qxd5 4. d4 Nc6 5. Nf3 e6 6. Na3 a6 7. Nc4 Qd8 8. Be3 cxd4 9. Nxd4 Nxd4 10. Bxd4 b5 11. Qf3 Rb8 12. Ne5 Qc7 13. Bd3 Bb7 14. Be4 Bxe4 15. Qxe4 Nf6 16. Qc6+ 1/2-1/2

[Event "HUN-chT2 Szechenyi 0203"]
[Site "Hungary"]
[Date "2002.09.22"]
[Round "1"]
[White "Kohlrusz, Zoltan"]
[Black "Katona, Janos"]
[Result "1/2-1/2"]
[WhiteElo "2072"]
[BlackElo "1984"]
[PlyCount "92"]
[EventDate "2002.09.22"]
[EventType "team-tourn"]
[EventRounds "11"]
[EventCountry "HUN"]
[SourceTitle "EXT 2009"]
[Source "ChessBase"]
[SourceDate "2008.11.26"]
[SourceVersion "1"]
[SourceVersionDate "2008.11.26"]
[SourceQuality "1"]

1. c4 c5 2. Nc3 Nc6 3. g3 g6 4. Bg2 Bg7 5. d3 e6 6. e4 Nge7 7. Nge2 0-0 8. 0-0 d6 9. Be3 e5 10. Qd2 Nd4 11. Bh6 Be6 12. Bxg7 Kxg7 13. f4 Rb8 14. Nxd4 cxd4 15. Ne2 f6 16. h3 Qd7 17. Kh2 b5 18. b3 bxc4 19. dxc4 Qc7 20. g4 Bg8 21. h4 a5 22. f5 a4 23. Rab1 Qc5 24. g5 axb3 25. axb3 Rf7 26. h5 Qb4 27. Qc1 d3 28. Nc3 Rbf8 29. gxf6+ Rxf6 30. Nd5 Nxd5 31. cxd5 d2 32. Qd1 gxf5 33. Rb2 fxe4 34. Rxf6 Rxf6 35. Rxd2 e3 36. Rc2 Qh4+ 37. Kg1 Rf2 38. Rc4 e2 39. Qxe2 Rxe2 40. Rxh4 Rd2 41. Rg4+ Kf8 42. h6 Bxd5 43. Bxd5 Rxd5 44. Rg7 Rb5 45. Rxh7 Kg8 46. Rd7 Rxb3 1/2-1/2

[Event "HUN-ch U20"]
[Site "Paks"]
[Date "2000.04.21"]
[Round "8"]
[White "Dombai, Istvan"]
[Black "Kohlrusz, Zoltan"]
[Result "1-0"]
[WhiteElo "2128"]
[BlackElo "2081"]
[PlyCount "79"]
[EventDate "2000.04.14"]
[EventType "tourn"]
[EventRounds "9"]
[EventCountry "HUN"]
[SourceTitle "EXT 2004"]
[Source "ChessBase"]
[SourceDate "2003.11.25"]
[SourceVersion "1"]
[SourceVersionDate "2003.11.25"]
[SourceQuality "1"]

1. e4 c5 2. Nc3 Nc6 3. Nge2 g6 4. d4 cxd4 5. Nxd4 Bg7 6. Nxc6 bxc6 7. Bc4 Qc7 8. Qf3 Nf6 9. Bf4 d6 10. 0-0 0-0 11. Rfe1 Nd7 12. Qg3 Nb6 13. Bf1 e5 14. Bd2 f5 15. exf5 Bxf5 16. Ne4 Bxe4 17. Rxe4 Rf7 18. Rd1 Raf8 19. f3 d5 20. Ree1 c5 21. Ba5 Qc6 22. b3 Kh8 23. Bc3 Nd7 24. a4 Re7 25. Bb5 Qd6 26. Bxd7 Qxd7 27. Bxe5 Bxe5 28. Rxe5 Rfe8 29. Rdxd5 Qc7 30. Rxe7 Qxe7 31. Qf2 Qg7 32. Rd1 Qc3 33. Qd2 Qe5 34. c3 a6 35. b4 Qe7 36. bxc5 Kg8 37. Qd5+ Qf7 38. Qxf7+ Kxf7 39. Rd7+ Kg8 40. c6 1-0

[Event "HUN-ch U20"]
[Site "Paks"]
[Date "2000.04.19"]
[Round "6"]
[White "Heindrich, Janos"]
[Black "Kohlrusz, Zoltan"]
[Result "1-0"]
[WhiteElo "2134"]
[BlackElo "2081"]
[PlyCount "68"]
[EventDate "2000.04.14"]
[EventType "tourn"]
[EventRounds "9"]
[EventCountry "HUN"]
[SourceTitle "EXT 2004"]
[Source "ChessBase"]
[SourceDate "2003.11.25"]
[SourceVersion "1"]
[SourceVersionDate "2003.11.25"]
[SourceQuality "1"]

1. e4 c5 2. Nf3 Nc6 3. d4 cxd4 4. Nxd4 g6 5. c4 Bg7 6. Be3 d6 7. Nc3 Nf6 8. Be2 Bd7 9. 0-0 0-0 10. Rc1 Rc8 11. b3 a6 12. f3 e6 13. Qd2 Re8 14. Rfd1 Nxd4 15. Bxd4 Bc6 16. b4 b6 17. Qe3 Rb8 18. b5 e5 19. Bxe5 Rxe5 20. bxc6 Qc7 21. f4 Re6 22. Qd3 Qxc6 23. Bf3 Rbe8 24. g3 Qc5+ 25. Kg2 h5 26. h3 Bh6 27. Rc2 h4 28. f5 gxf5 29. exf5 Re1 30. Rxe1 Rxe1 31. Rf2 hxg3 32. Kxg3 Nh5+ 33. Kg4 Qxf2 34. Kxh5 Re3 1-0

[Event "HUN-ch U20"]
[Site "Paks"]
[Date "2000.04.16"]
[Round "3"]
[White "Kohlrusz, Zoltan"]
[Black "Bognar, Csaba"]
[Result "0-1"]
[WhiteElo "2081"]
[BlackElo "2246"]
[PlyCount "58"]
[EventDate "2000.04.14"]
[EventType "tourn"]
[EventRounds "9"]
[EventCountry "HUN"]
[SourceTitle "EXT 2004"]
[Source "ChessBase"]
[SourceDate "2003.11.25"]
[SourceVersion "1"]
[SourceVersionDate "2003.11.25"]
[SourceQuality "1"]

1. c4 Nf6 2. Nc3 g6 3. g3 Bg7 4. Bg2 0-0 5. Nf3 d6 6. 0-0 e5 7. d3 Nbd7 8. Bd2 Nh5 9. Qc1 f5 10. Ng5 Ndf6 11. Nh3 c6 12. f4 Ng4 13. e3 h6 14. Rb1 Be6 15. b4 Qd7 16. Ne2 Rac8 17. b5 c5 18. Nc3 Nhf6 19. a4 Rfd8 20. Rd1 Kh7 21. a5 Bf7 22. Qc2 d5 23. cxd5 Nxd5 24. Nxd5 Bxd5 25. e4 Be6 26. a6 b6 27. exf5 Bxf5 28. Be4 c4 29. dxc4 Qd4+ 0-1

[Event "HUN-chT2 9899"]
[Site "Hungary"]
[Date "1999.??.??"]
[Round "?"]
[White "Deak, Laszlo"]
[Black "Kohlrusz, Zoltan"]
[Result "1/2-1/2"]
[WhiteElo "2100"]
[BlackElo "2093"]
[PlyCount "51"]
[EventDate "1998.??.??"]
[EventType "team-tourn"]
[EventRounds "12"]
[EventCountry "HUN"]
[SourceTitle "EXT 2000"]
[Source "ChessBase"]
[SourceDate "1999.11.16"]
[SourceVersion "1"]
[SourceVersionDate "1999.11.16"]
[SourceQuality "1"]

1. e4 c5 2. Nf3 e6 3. d4 cxd4 4. c3 dxc3 5. Nxc3 Nc6 6. Bc4 a6 7. 0-0 Nge7 8. Bg5 f6 9. Bh4 b5 10. Bb3 Na5 11. Bc2 Ng6 12. e5 Be7 13. exf6 Bxf6 14. Bxf6 gxf6 15. Nd4 Bb7 16. Qh5 Kf7 17. Rfd1 Qc7 18. Rac1 Qe5 19. Nf5 d5 20. Re1 Qf4 21. Ne2 Qg5 22. Nd6+ Kg7 23. Qxg5 fxg5 24. Nxb7 Nxb7 25. Bxg6 Kxg6 26. Nd4 1/2-1/2